| 000 | 00384nam a2200145Ia 4500 | ||
|---|---|---|---|
| 008 | 240624s9999 xx 000 0 und d | ||
| 041 | _aeng | ||
| 082 | _a338.5 SEN | ||
| 100 | _aSEN ANINDYA | ||
| 245 | _aMICROECONOMICS THEORY AND APPLICATIONS | ||
| 250 | _a(2nd ed.) | ||
| 260 |
_c2006 _aNew Delhi _bOxford University press |
||
| 300 | _avii, : 290 : p. : cm. ; 24 | ||
| 365 |
_cRS _b30 |
||
| 999 |
_c9278 _d9278 |
||